00665cam a22002051 450000100060000000300080000600500170001400800390003103500190007003500180008904000420010704100080014908200210015710000500017824500800022826000340030830000310034250400510037360000350042426039BD-RjUL20211209050949.0140320s1956 enkaf 001 0 eng a(BD-RjUL)26109 a(OCoLC)755246 aDLCcOKentUdOCoLCdDLCdBD-RjULbeng aeng a945.08bHAM 19561 aHales, E. E. Y.q(Edward Elton Young),d1908-10aMazzini and the secret societies :bthe making of a myth /cE. E. Y. Hales. aLondon :bP.J. Kenedy,c1956. a226 p. :billus. ;c23 cm. aIncludes bibliographical references and index.10aMazzini, Giuseppe,d1805-1872.